000 01237nam a2200301Ia 4500
005 20220317001411.0
008 161108s2004 ck g 000 0 spa
020 _a9581403612
100 1 _aSoto Aparicio, Fernando
_d1933-2016
245 1 3 _aLa noche del girasol
_bnovela
_cFernando Soto Aparicio
250 _a1a. edición
300 _a250 páginas
_c21 cm
500 _aIncluye datos biográficos del autor
520 _aNovela que conjuga actualidad y suspenso, poesía y erotismo, felicidad y tragedia. Ángeles y Fontana, las dos mujeres que con su pasión tejen la red que atrapa al lector, reinventan el mundo y le dan dimensiones especiales a la vida, el amor y a la muerte
521 _aRecomendado para adultos
650 1 4 _2LEMB
_aNovela colombiana
_ySiglo XX
650 1 4 _2LEMB
_aLiteratura colombiana
_ySiglo XX
650 1 4 _2LEMB
_aMujeres en la literatura
650 1 4 _2LEMB
_aSuspenso en la literatura
650 1 4 _2LEMB
_aFelicidad en la literatura
942 _2loc
_cBKLIT
264 _aBogotá
_bPlaza & Janés
_c2004
336 _atexto
_btxt
_2rdacontent
337 _asin mediación
_bn
_2rdamedia
338 _avolumen
_bnc
_2rdacarrier
040 _aCO-BoRNBP
_bspa
_erda
_cCO-BoRNBP
084 _aN SOT2
999 _c6869
_d6869